| 000 | 00934cam a2200205 4500 | ||
|---|---|---|---|
| 001 | WB3925-20 | ||
| 008 | 030701n2003 000 0 eng u | ||
| 035 | _a(Sirsi) u122839 | ||
| 245 | _aBank valuers face scrutiny | ||
| 260 | _c2003 | ||
| 490 |
_aEstates Gazette _v(0326) 28 June 2003, 30(1) |
||
| 520 | _aUniversity of Reading real estate professor Neil Crosby is undertaking a one-year research programme into secured lending valuations, an area of valuation not addressed in the Carsberg report. The research was prompted by concerns that one-off bank valuations may be susceptible to bent practice. University of Reading Department of Real Estate and Planning at www.reading.ac.uk/LM/LM/research.html. | ||
| 590 | _aWB | ||
| 650 | _aSECURED LENDING | ||
| 650 | _aPROFESSIONAL STANDARDS | ||
| 650 | _aVALUATION PROCESS | ||
| 650 | _aBANK VALUATIONS | ||
| 690 | _aPROPERTY-PROPERTY APPRAISAL AND VALUATION | ||
| 942 | _n0 | ||
| 999 |
_c72965 _d72965 |
||